000 00475cam a2200193 4500
001 B520
008 090401t1981 xxu||||| |||| 00| 0 eng d
035 _a(Sirsi) u36323
041 _aeng
050 _a333.3320212
100 _aRose, J.J.
245 4 _aThe construction of valuation tables
250 _aRev. ed.
260 _aLondon
_bIncorporated Society of Valuers and Auct
_c1981
300 _a35p. ; 21cm.
350 _a15.5
942 _n0
948 _c04/03/1997
999 _c90250
_d90250